| 000 | 00898nam a22003257a 4500 | ||
|---|---|---|---|
| 001 | 0003153 | ||
| 003 | KOHA_MİRAKIL | ||
| 005 | 20260207001329.0 | ||
| 007 | ta | ||
| 008 | 090320b2008 tu |||gr||||#0|||1|tur | | ||
| 020 | _a9789753380348 | ||
| 040 |
_aTR-BiSEU _btur _cTR-BiSEU _erda |
||
| 041 | 0 | _atur | |
| 044 | _ctu | ||
| 050 |
_aPL234.M44 _bS24 2008 |
||
| 100 | 1 | _aErsoy, Mehmet Akif . | |
| 245 | 1 |
_aSafahat/ _cMehmet Akif Ersoy ; Mehmet Akif Ersoy. |
|
| 264 | 1 |
_aİstanbul : _bAkçağ Yayınları _c2008 |
|
| 300 | _a544 sayfa; 23 cm. | ||
| 336 |
_ametin _btxt _2rdacontent |
||
| 337 |
_aaracısız _bn _2rdamedia |
||
| 338 |
_acilt _bnc _2rdacarrier |
||
| 490 | 1 |
_aAkçağ yayınları ; _v107. |
|
| 490 | 1 |
_aŞiir ; _v3. |
|
| 650 | 0 |
_aTürk şiiri. _93914 |
|
| 830 | 1 |
_aAkçağ yayınları ; _v107. _97970 |
|
| 830 | 1 |
_aŞiir ; _v3. _95935 |
|
| 907 | _aŞiir | ||
| 942 |
_2lcc _cBK |
||
| 999 |
_c3137 _d3137 |
||